000 00982nam a2200265 u 4500
005 20221123063547.0
008 080919s2000 es r 000 0 spa d
020 _a8485840755
035 _aUPN01000159802
040 _aUPN
_bspa
_cUPN
049 _aCG
050 4 _aLB1027.55
_bP7.4 2000
245 0 0 _aPsicología de la instrucción :
_bla enseñanza y el aprendizaje en la educación secundaria /
_cConcepción Gotzens ... [et al.] ; coord. César Coll.
250 _a2a ed.
260 _aBarcelona, Esp. :
_bICI :
_bHorsori,
_c2000.
300 _a205 p. :
_bil., gráfs.
440 0 _aCuadernos de formación del profesorado.
_pEducación secundaria ;
_v15
650 4 _aPSICOLOGIA ESCOLAR
_927591
650 4 _aEDUCACION SECUNDARIA -
_zESPAÑA
_98081
650 4 _aEDUCACION SECUNDARIA -
_zESPAÑA -
_vPLANES Y PROGRAMAS
_916492
700 1 _aGotzens Busquets, C.
_ecoaut.
_942325
700 1 _aColl, César,
_d1950-
_ecoord.
_930885
905 _aLibro
942 _2lcc
_cLIBRO
999 _c131916
_d131916